| 000 | 01351cab a22003495a 4500 | ||
|---|---|---|---|
| 001 | L146114 | ||
| 008 | 081211e20081104xxk f v 000 0 eng d | ||
| 035 | _a(Sirsi) u146114 | ||
| 041 | 0 | _aeng | |
| 100 | 1 | _aMcIntosh, Milton | |
| 245 | 0 | 0 |
_aUpdate _blandlord and tenant |
| 260 | _c2008 | ||
| 490 | 0 |
_aSolicitors' Journal _v152(42) 4 November 2008, 24-26(2) |
|
| 520 | _aReviews legal cases from 2008 relating to oral agreements and the creation of tenancies, rent review arbitrations, claims for disrepair and forfeiture of deposit where assignments are not completed. | ||
| 590 | _aKA | ||
| 650 | 2 | 4 | _aHUTCHISON AND OTHERS V B & DF LTD |
| 650 | 2 | 4 | _aMANTON SECURITIES LTD V NAZAM |
| 650 | 2 | 4 | _aLEONORA V MOTT MACDONALD |
| 650 | 2 | 4 | _aDODS V WEST REGISTER(PUBLIC HOUSESIII) |
| 650 | 2 | 4 | _aHAWKINS V WOODHALL |
| 650 | 2 | 4 | _aBUSINESS ENVIRONMENT BOW V DEANWATER ESTATES |
| 650 | 2 | 4 | _aLANDLORD PROTECT LTD V ST ANSELM DEVELOPMENT CO LTD |
| 650 | 2 | 4 | _aLANDLORD AND TENANT ACT 1954 S25 |
| 650 | 2 | 4 | _aLANDLORD AND TENANT ACT 1954 S26 |
| 650 | 2 | 4 | _aLANDLORD AND TENANT ACT 1954 S27 |
| 650 | 2 | 4 | _aLAW OF PROPERTY ACT 1925 S56 |
| 650 | 2 | 4 | _aLAW OF PROPERTY (MISCELLANEOUS PROVISIONS) ACT 1989 S2 |
| 650 | 2 | 4 | _aARBITRATION ACT 1996 S68(2)(D) |
| 651 | 4 |
_aEngland and Wales _y1543- |
|
| 690 |
_aLandlord and tenant _96252 |
||
| 942 | _n0 | ||
| 999 |
_c81030 _d81030 |
||